| 000 | 00767cab a2200241 4500 | ||
|---|---|---|---|
| 001 | WB3312-37 | ||
| 008 | 090401t1997 xxu||||| |||| 00| 0 eng d | ||
| 035 | _a(Sirsi) u77286 | ||
| 041 | _aeng | ||
| 245 | _aExemption saves day for HAs | ||
| 260 | _c1997 | ||
| 350 | _a0 | ||
| 490 |
_aHousing Today _v(25) 20 March 1997, 5(1) |
||
| 520 | _aA last minute change to the Housing Act 1996 may have prevented millions of pounds being wiped off the balance sheets of housing associations with home ownership schemes. | ||
| 650 | _aFREEHOLDS | ||
| 650 | _aHOUSING ACT 1996 | ||
| 650 | _aHOUSING ASSOCIATIONS | ||
| 650 | _aLEASEHOLD REFORM | ||
| 650 | _aSHARED OWNERSHIP | ||
| 690 | _aLANDLORD AND TENANT-LEASEHOLD REFORM | ||
| 942 | _n0 | ||
| 948 | _c21/03/1997 | ||
| 999 |
_c48598 _d48598 |
||